00626nam a22001817a 450000500170000001000150001702000260003203500130005803700130007108200120008410000170009624501860011326000380029927000460033730000310038370000170041470000130043120131011130215.0 aENG-107999 c120.00a9788183334938 aEN-91532 bDBAD/PUB a005.113 aJain, Satish00aBPB's golden solutions structured system analysis and design :cby Satish Jain, Shashi Singh [and] Akankshabbased on NIELIT (DOEACC) 'A' , 'B' level revised syllabus of year 2010 / aNew DelhibBPB Publicationsc2013 aB-14, Connaught Place,bNew Delhie110001 av,127p. :c25cm(pbk)bill. aShashi Singh aAkanksha